Statistics for Country of the Day #5-Brazil

Click here to take the quiz!

General Stats

  • This quiz has been taken 22 times
  • The average score is 7 of 8

Answer Stats

QuestionAnswer% Correct
Flag
100%
Shape
100%
CapitalBrasilia
95%
ReligionChristianity
95%
LanguagePortuguese
95%
ContinentSouth America
95%
LandmarkChrist the Redeemer
90%
Largest CitySão Paulo
75%

Score Distribution

Percentile by Number Answered

Percent of People with Each Score

Your Score History

You have not taken this quiz